Регионална библиотека "Любен Каравелов" - Русе

Изгубени пътища (Запис номер 103788)

MARC детайли
000 -Лидер
Контролно поле с фиксирана дължина 01185nam a2200325 c 4500
003 - Код на организацията, давaща контролен номер
Контролно поле BLK
005 - Дата и час на последна редакция
Контролно поле 20220225153049.0
008 - Елементи от данни с фиксирана дължина
fixed length control field 180409b bul|||||r ||||||| ||bul||
010 ## - Наследен системен номер
LC control number KNG00108867000
020 ## - Международен стандартен номер на книга ISBN
Международен стандартен номер на книга ISBN 954-8701-40-5
040 ## - Източник на каталожния запис
Идентификатор на билиотеката - собственик на записа BLK
041 ## - Код за език
Код за езика на текст/звукозапис или на отделно заглавие Български
Код за езика КДБФ Български
Други езици Испански
080 ## - УДК
Текстов определител УДК Българска литература
УДК код - определител по УДК 821.163.2
УДК определител -1
УДК - код + определител 821.163.2-1
100 1# - Редна дума - Автор
Автор Николова, Добрина
Авторска отговорност първи автор
R(LIN) 255326
139 ## - Редно поле
Редна дума Николова, Добрина
Авторски знак Николова - Н 75
245 10 - Сведения за заглавието
Заглавие Изгубени пътища
Подзаглавни данни Лирика
Редно поле (дума) Добрина Николова; прев. Роза Калнъкова.
246 11 - Различни форми на заглавието
Паралелно заглавие Caminos perdidos : Lirica
257 ## - Страна на издаване
Страна на създаване/издаване България
260 ## - Област на издателските данни
Име на издателя, разпространителя и проч. Денница
Година на издаване 2003
Печатница Русе : Авангард принт
300 ## - Физическа характеристика
Страници 64 с.
Илюстрации и др. с портр.
Размери/Мащаб 20 см
380 ## - Жанр
Жанр Худож. лит.
659 ## - Тематичен бюлетин
Тематичен бюлетин К
700 1# - Други автори (авторска отговорност)
Лично име Калнъкова, Роза
Автороска отговорност (Описва отношението между автора и произведението) прев.
9 (RLIN) 75349
720 ## - Неконтролирано име
Паралелен автор Dobrina Nicolova ; Trad. Roza Kalnakova
Ключова дума за отношение (Описва отношението между автора и произведението) паралелен автор
852 ## - Местоположение
Форматна сигнатура Цб 216630
852 ## - Местоположение
Форматна сигнатура К 821.163.2/Н 75 Д
856 4# - Електронен адрес и достъп
Електронен формат pdf - файл
856 4# - Електронен адрес и достъп
Електронен формат pdf - файл
999 ## - СИСТЕМНИ КОНТРОЛНИ НОМЕРА
Koha biblionumber 103788
Koha biblioitemnumber 103788
942 ## - АРТИКУЛИ
Вид на библиотечния материал Книги
Скрит в OPAC Не
Периодичен библиозапис Да
944 ## - СЪЗДАВАНЕ И РЕДАКЦИЯ на ЗАПИСА
Създаване/Редакция Създаване
Дата на регистрацията/редакция 11.11.2003
Служител, извършил регистрацията/редакцията Геновева_Генчева
944 ## - СЪЗДАВАНЕ И РЕДАКЦИЯ на ЗАПИСА
Създаване/Редакция Редакция
Дата на регистрацията/редакция 31.05.2004
999 ## - СИСТЕМНИ КОНТРОЛНИ НОМЕРА
Koha biblioitemnumber 103788
Наличности
Код за отписване Код за изгубен артикул Код за повреда Коз за рестрикции Код за отдаване Артикулен № Име на библиотеката - собственик Име на библиотеката, в която се намира в момента Статус (Текущо местоположение) Дата на вписване в системата Местоположение - отдел Цена в лева Инвентарен номер Систематично азбучна сигнатура Баркод Номер на екземпляра Цена в евро Служебна бележка Служебен тип на артикула Източник на класификационната схема
  Не е изгубен Не е повреден без рестрикции заемане за дома 167545 Регионална библиотека "Любен Каравелов" Русе Регионална библиотека "Любен Каравелов" Русе Заемна - подръчен фонд 2003-11-11 Заемна - подръчен фонд 3.00 120000679887 П 886.7-1/Н 75 120000679887 1 1.53 Дост: DA Вид: А N: 26 Дата: 10.11.2003 Дата инв: 14.02.2018 Бележки инв: П2018 Книги  
  Не е изгубен Не е повреден без рестрикции заемане за дома 167546 Регионална библиотека "Любен Каравелов" Русе Регионална библиотека "Любен Каравелов" Русе Заемна - подръчен фонд 2003-11-11 Заемна - подръчен фонд 3.00 120000679888 П 886.7-1/Н 75 120000679888 2 1.53 Дост: DA Вид: А N: 26 Дата: 10.11.2003 Дата инв: 14.02.2018 Бележки инв: П2018 Книги  
Изтеглен Не е изгубен Не е повреден без рестрикции заемане за дома 167547 Регионална библиотека "Любен Каравелов" Русе Регионална библиотека "Любен Каравелов" Русе Заемна - подръчен фонд 2003-11-11 Заемна - подръчен фонд 3.00 120000679889 П 886.7-1/Н 75 120000679889 3 1.53 Дост: DA Вид: А N: 26 Дата: 10.11.2003 Дата инв: 14.02.2018 Бележки инв: П2018 Книги Universal Decimal Classification
  Не е изгубен Не е повреден без рестрикции ползва се в читалня 167548 Регионална библиотека "Любен Каравелов" Русе Регионална библиотека "Любен Каравелов" Русе Краезнание 2003-11-11 Краезнание 3.00 120000679891 К 821.163.2/Н 75 Д 120000679891 4 1.53 Дост: DA Вид: А N: 26 Дата: 10.11.2003 Дата инв: 14.11.2017 Бележки инв: К2017 Книги Universal Decimal Classification
  Не е изгубен Не е повреден без рестрикции ползва се в читалня 167549 Регионална библиотека "Любен Каравелов" Русе Регионална библиотека "Любен Каравелов" Русе Хранилище 2004-05-14 Хранилище 0.00 120000685480 Цб 216630 120000685480 5 0.00 Дост: Dp Вид: Д N: 29 Дата: 09.07.2003 Книги  
Vip Innovations Ltd, Rousse, Bulgaria 2025